Тюрьма и воля Лидии Руслановой

Бібліографічні деталі
Автор: Стронгин В. Л. Варлен Львович
Резюме:Книга известного прозаика и артиста, автора эстрадных программ, лично знакомого со многими известными представителями эстрадного жанра, Варлена Стронгина посвящена неизвестным страницам биографии выдающейся русской певицы, исполнительницы народных песен Лидии Руслановой. Во время ее гастролей по Сахалину люди останавливали поезд с певицей, чтобы только посмотреть на нее. Пением Руслановой был восхищен великий Шаляпин, который слышал трансляцию ее концерта. Во время войны песни Руслановой приносили радость воинам, с которыми она прошла нелегкий путь до Берлина, где у стен поверженного рейхстага спела свои знаменитые «Валенки». Поднявшись на вершину славы, став кумиром миллионов, Русланова вместе с генералами, обвиненными по делу маршала Г. К. Жукова, попадает в тюрьму. Она становится политзаключенной, осужденной по 58-й статье. Ответ на вопрос, что же произошло на самом деле, в чем обвиняли певицу, через какие боль и унижения, пытки и допросы она прошла, читатель найдет в этой увлекательной книге, написанной на основе архивных материалов, воспоминаний самой Лидии Андреевны и ее современников.
Мова:Російська
Опубліковано: Москва, Молодая гвардия, 2005
Предмети:
Формат: Книга
KOHA link:https://koha.lib.tpu.ru/cgi-bin/koha/opac-detail.pl?biblionumber=77745

MARC

LEADER 00000nam0a2200000 4500
001 77745
005 20231101212942.0
010 |a 5235027256 
035 |a (RuTPU)RU\TPU\book\83347 
090 |a 77745 
100 |a 20050526d2005 m y0rusy50 ca 
101 0 |a rus 
102 |a RU 
105 |a a z 000zb 
200 1 |a Тюрьма и воля Лидии Руслановой  |f В. Л. Стронгин 
210 |a Москва  |c Молодая гвардия  |d 2005 
215 |a 239 с.  |c ил. 
330 |a Книга известного прозаика и артиста, автора эстрадных программ, лично знакомого со многими известными представителями эстрадного жанра, Варлена Стронгина посвящена неизвестным страницам биографии выдающейся русской певицы, исполнительницы народных песен Лидии Руслановой. Во время ее гастролей по Сахалину люди останавливали поезд с певицей, чтобы только посмотреть на нее. Пением Руслановой был восхищен великий Шаляпин, который слышал трансляцию ее концерта. Во время войны песни Руслановой приносили радость воинам, с которыми она прошла нелегкий путь до Берлина, где у стен поверженного рейхстага спела свои знаменитые «Валенки». Поднявшись на вершину славы, став кумиром миллионов, Русланова вместе с генералами, обвиненными по делу маршала Г. К. Жукова, попадает в тюрьму. Она становится политзаключенной, осужденной по 58-й статье. Ответ на вопрос, что же произошло на самом деле, в чем обвиняли певицу, через какие боль и унижения, пытки и допросы она прошла, читатель найдет в этой увлекательной книге, написанной на основе архивных материалов, воспоминаний самой Лидии Андреевны и ее современников. 
600 1 |a Русланова  |b Л. А.  |c русская певица, исполнительница народных песен  |f 1900-1973  |g Лидия Андреевна  |2 stltpush  |3 (RuTPU)RU\TPU\pers\13552  |9 4175 
610 1 |a русская литература 
610 1 |a биографии 
610 1 |a публицистика 
610 1 |a народные песни 
675 |a Р2  |v 3 
675 |a 784  |v 3 
700 1 |a Стронгин  |b В. Л.  |g Варлен Львович 
801 1 |a RU  |b 63413507  |c 20050526  |g PSBO 
801 2 |a RU  |b 63413507  |c 20050607  |g PSBO 
942 |c BK